Kirjaimella K alkavia kaupunkeja kartalla - Statistics

Yleistilastot
  • Tätä visaa on pelattu 798 kertaa
  • Keskiarvotulos 15 / 24
Vastaukset kartalla
Vastauksille on annettu kartalla punavihreä väri sen mukaan, kuinka moni on saanut sen oikein.
 
Vastaustilastot
Kaupunki % Oikein
Kööpenhamina
96%
Kiova
93%
Kairo
91%
Kapkaupunki
88%
Köln
81%
Krakova
80%
Kioto
77%
Kuwait
74%
Kathmandu
72%
Kuala Lumpur
72%
Kabul
70%
Kingston
68%
Kansas City
67%
Kalkutta
66%
Kinshasa
66%
Khartum
58%
Kampala
57%
Kanton
52%
Karachi
51%
Kigali
48%
Kazan
35%
Kano
32%
Kunming
21%
Kaohsiung
18%
Ehtoja vastaavia visoja ei löytynyt
Tulosjakauma
Jokaisen tuloksen saaneiden osuus
Persentiili vastausten määrän mukaan
Tuloshistoriasi
Et ole pelannut tätä visaa